Vedenie účtovníctva v konkrétnej akciovej spoločnosti diplomová práca

Saved in:
Bibliographic Details
Main Author: Bodóová, Eva
Corporate Author: Fakulta hospodárskej informatiky EU. Katedra účtovníctva a audítorstva
Other Authors: Máziková, Katarína
Format: Book
Language:Slovak
Published: Bratislava 2009
Tags: Add Tag
No Tags, Be the first to tag this record!

MARC

LEADER 00000nam$a2200000$$$4500
001 0097360
005 20240318135014.5
041 0 |a slo 
044 |a SK 
245 1 0 |a Vedenie účtovníctva v konkrétnej akciovej spoločnosti  |b diplomová práca  |c Eva Bodóová ; škol. Katarína Máziková 
264 1 |a Bratislava  |c 2009 
300 |a 68 s. 
100 1 |a Bodóová, Eva 
700 1 |a Máziková, Katarína 
710 2 |a Fakulta hospodárskej informatiky EU. Katedra účtovníctva a audítorstva